Managing people across cultures
| Main Author: | |
|---|---|
| Format: | Book |
| Published: |
West Sussex :
Capstone ,
2004
|
| Subjects: |
MARC
| LEADER | 00000cam a2200000 7i4500 | ||
|---|---|---|---|
| 001 | 0000085675 | ||
| 005 | 20040930.0 | ||
| 020 | |a 1841124729 | ||
| 090 | 0 | 0 | |a 658.3008 |b TRO |
| 100 | 1 | |a Trompenaars, Fons | |
| 245 | 1 | 0 | |a Managing people across cultures |c Fons Trompenaars, Charles Hamden-Turner |
| 260 | |a West Sussex : |b Capstone , |c 2004 | ||
| 300 | |a 376p. ; |c 24cm. | ||
| 650 | 0 | 0 | |a Diversity in the workplace |
| 650 | 0 | 0 | |a International business enterprises |x Management |
| 650 | 0 | 0 | |a Personnel management |
| 999 | |a 00178966 |b BUKU |c PINJAMAN |e PERPUSTAKAAN KOMUNITI PETALING JAYA | ||